000 00857nas a2200253 4500
001 BR9511623
003 BR-BrBNA
005 20231205094641.0
007 ta
008 230509b bl.|||p| |||| 00| 00por d
040 _aBR-BrBNA
_bpor
_cBiblioteca Nacional de Agricultura
041 _a(Pt)
072 _aF01
100 1 _aBernardi, J.
111 1 _a12. Congresso Brasileiro de Fruticultura
_cPorto Alegre, RS (Brazil)
_d17-22 Jan 1993
245 1 _aEfeito de giberelina e citocinina sobre o comprimento e "russeting" em frutos de macieira em Vacaria, RS
650 _aMaca
650 _aAcido Giberelico
650 _aCrescimento
650 _aRio Grande do Sul
773 0 _tRevista Brasileira de Fruticultura (Brazil)
_xISSN 0100-2945
_g1992, v. 14(3) p. 245-247
_wBR9511623
909 _a202311
_bLúcia
_c55
_dLúcia Elande
942 _2AGRIS
_n0
_cANA
999 _c145892
_d145892